In the wake of the Chinese thrust. (Record no. 74846)

MARC details
000 -LEADER
fixed length control field 00683cam a22002291 4500
001 - CONTROL NUMBER
control field sa 67004936
003 - CONTROL NUMBER IDENTIFIER
control field DLC
005 - DATE AND TIME OF LATEST TRANSACTION
control field 20260227112352.0
008 - FIXED-LENGTH DATA ELEMENTS--GENERAL INFORMATION
fixed length control field 840409s1965 ii a 000 0 eng
010 ## - LIBRARY OF CONGRESS CONTROL NUMBER
LC control number sa 67004936
025 ## - OVERSEAS ACQUISITION NUMBER
Overseas acquisition number PL480:I-E-5662
035 ## - SYSTEM CONTROL NUMBER
System control number (OCoLC)10607821
040 ## - CATALOGING SOURCE
Original cataloging agency DLC
Transcribing agency MBM
Modifying agency DLC
042 ## - AUTHENTICATION CODE
Authentication code premarc
050 00 - LIBRARY OF CONGRESS CALL NUMBER
Classification number DS485.N68
Item number N313
100 1# - MAIN ENTRY--PERSONAL NAME
Personal name Nāragolakara, Kusuma.
245 10 - TITLE STATEMENT
Title In the wake of the Chinese thrust.
Statement of responsibility, etc. Foreword by Y.B. Chavan.
260 ## - PUBLICATION, DISTRIBUTION, ETC.
Place of publication, distribution, etc. Bombay,
Name of publisher, distributor, etc. Popular Prakashan
Date of publication, distribution, etc. [1965]
300 ## - PHYSICAL DESCRIPTION
Extent x, 276 p.
Other physical details illus.
Dimensions 19 cm.
500 ## - GENERAL NOTE
General note L.C. copy imperfect: map wanting.
651 #0 - SUBJECT ADDED ENTRY--GEOGRAPHIC NAME
Geographic name Arunāchal Pradesh (India)
General subdivision Description and travel.

No items available.

Powered by Koha